Comunicación : la imposición del silencio o la liberación de la palabra /
Uloženo v:
| Hlavní autor: | |
|---|---|
| Další autoři: | , |
| Médium: | Kniha |
| Jazyk: | Spanish |
| Vydáno: |
Panamá
Comisión de Penetración Cultural
1976
|
| Témata: | |
| Tagy: |
Přidat tag
Žádné tagy, Buďte první, kdo vytvoří štítek k tomuto záznamu!
|
MARC
| LEADER | 00000nam a22000007a 4500 | ||
|---|---|---|---|
| 003 | cru CIDCACS/IIS | ||
| 005 | 20220303113815.0 | ||
| 008 | 180309b1976 pn d||||||||||||| ||spa|d | ||
| 040 | |c cru CIDCACS/IIS | ||
| 090 | |a 08.16.01 R457c | ||
| 100 | 1 | |9 6768 |a Reyes, Herasto | |
| 245 | 1 | 2 | |a Comunicación : |b la imposición del silencio o la liberación de la palabra / |c Herasto Reyes, Pablo de Arco, Raúl Leis |
| 260 | |a Panamá |b Comisión de Penetración Cultural |c 1976 | ||
| 300 | |a 18 páginas | ||
| 500 | |a Colección Alforja | ||
| 650 | 1 | 0 | |9 196 |a COMUNICACION |0 TESAUROS |
| 650 | 4 | |9 1924 |a IMPERIALISMO |0 TESAUROS | |
| 650 | 1 | 0 | |9 10 |a MEDIOS DE COMUNICACION DE MASAS |0 TESAUROS |
| 650 | 1 | 0 | |9 1428 |a IDEOLOGIAS |0 TESAUROS |
| 700 | 1 | |9 6489 |a Leis R., Raúl |d 1947- |e Coautor | |
| 700 | 1 | |9 6769 |a De Arco, Pablo |e Coautor | |
| 942 | |2 ddc |c LI | ||
| 999 | |c 41123 |d 41123 | ||
